000 00414nam a22001697a 4500
005 20160628093527.0
008 160628b xxu||||| |||| 00| 0 eng d
020 _a978-81-7992-682-6
041 _aeng
082 _b10535
100 _aPeale, Norman Unicent and others
_93011
245 _aThe Miracle of Positive Thinking
260 _bJaico
_c2010
300 _a186
650 _aManagement
_9241
942 _cBK
999 _c4354
_d4353